000 01317cam a2200349 i 4500
001 24539
003 Mx-PuUPA
005 20260130145648.0
008 140415s2000 sp gr 001 0 spa d
017 _aM.: 43.394-2000
020 _a8474906016
040 _cMx-PuUPA
_aMx-PuUPA
_bspa
_dMx-PuUPA
_erda
041 1 _aspa
_hfre
100 1 _aLubac, Henri de,
_d1896-1991
_eautor
_917800
240 1 0 _aMémoire sur l'occasion de mes écrits.
_lEspañol
245 1 0 _aMemoria en torno a mis escritos /
_cHenri de Lubac ; traducción, Nicolás López Martínez
250 _aSegunda edición revisada y aumentada
264 _aMadrid, España :
_bEdiciones Encuentro,
_c©2000
300 _a471 páginas ;
_c23 cm
336 _2rdacontent
_atexto
_btxt
337 _2rdamedia
_asin medio
_bn
338 _2rdacarrier
_avolumen
_bnc
490 0 _aEnsayos ;
_v153
600 _aLubac, Henri de, 1896-1991
_xBiografías
600 _aLubac, Henri de, 1896-1991
_xDiarios personales
650 7 _2armarc
_aTeología
_ySiglo XX
_913986
700 1 _aLópez Martínez, Nicolás,
_etraductor
765 0 _aLubac, Henri de
_tMémoire sur l'occasion de mes écrits
_dNamur, Bélgica : Culture et Vérité, ©1992
942 _2ddc
_cLI
_h282.092
_iL2618
999 _c24539
_d24539